00313nam a2200133Ia 4500008004100000020001800041041000800059082001700067100001500084245003100099260003000130300000900160500001000169220803s9999 xx 000 0 und d a9780415822756 aeng a720.28'6 BLU aBluyssen P aHealthy Indoor Environment aNew YorkbRoutledgec2014 a466p aENVIR